[Event "Belgrade-chT Quality"]
[Site "Belgrade"]
[Date "2018.09.18"]
[Round "2.5"]
[White "Molnar, Luka S"]
[Black "Ristic, Luka"]
[Result "1/2-1/2"]
[WhiteElo "1713"]
[BlackElo "1913"]
[PlyCount "109"]
[EventDate "2018.09.17"]
[EventType "team-tourn"]
[EventRounds "11"]
[EventCountry "SRB"]
[SourceTitle "CBM 186 Extra"]
[Source "ChessBase"]
[SourceDate "2018.08.24"]
[SourceVersion "1"]
[SourceVersionDate "2018.08.24"]
[SourceQuality "1"]
[WhiteTeam "Tadic"]
[BlackTeam "Crvena Zvezda"]
[WhiteTeamCountry "SRB"]
[BlackTeamCountry "SRB"]

1. e4 g6 2. h4 h5 3. Nc3 Bg7 4. Bc4 c6 5. d4 e6 6. Bf4 d5 7. exd5 cxd5 8. Bb5+ Nc6 9. Qd2 a6 10. Bxc6+ bxc6 11. 0-0-0 c5 12. Be5 Bh6 13. Bf4 c4 14. Re1 Bb7 15. Nf3 Bxf4 16. Qxf4 Nf6 17. Ng5 0-0 18. f3 Bc6 19. Qe5 Qe7 20. Rh3 Rab8 21. Rg3 Rb6 22. Qf4 Bd7 23. Qd2 Rfb8 24. b3 Rc6 25. Kb2 Rbc8 26. Re3 Qd6 27. Rh3 Qb4 28. a3 Qb6 29. Na4 Qc7 30. Nc5 Rxc5 31. dxc5 e5 32. Rc3 Bxh3 33. Nxh3 Qxc5 34. Qg5 Qd4 35. b4 Nh7 36. Qe7 Qb6 37. a4 d4 38. Ra3 Rb8 39. c3 Qf6 40. Qc5 d3 41. Qxc4 d2 42. Ra1 Qd6 43. Rd1 Nf6 44. Ng5 Qd7 45. Kb3 a5 46. Rxd2 Qf5 47. Qxf7+ Kh8 48. Qc7 Qb1+ 49. Kc4 Rxb4+ 50. Kc5 Qg1+ 51. Rd4 Rxd4 52. Nf7+ Kg7 53. Nd6+ Kh6 54. Nf7+ Kg7 55. Nd6+ 1/2-1/2

[Event "Orlova op 14th"]
[Site "Orlova"]
[Date "2017.05.20"]
[Round "1"]
[White "Molnar, Luka S"]
[Black "Olsar, Jaroslav"]
[Result "0-1"]
[WhiteElo "1637"]
[BlackElo "2215"]
[PlyCount "48"]
[EventDate "2017.05.20"]
[EventType "swiss"]
[EventRounds "9"]
[EventCountry "CZE"]
[SourceTitle "CBM 178 Extra"]
[Source "ChessBase"]
[SourceDate "2017.06.22"]
[SourceVersion "1"]
[SourceVersionDate "2017.06.22"]
[SourceQuality "1"]

1. e4 e5 2. Nc3 Nf6 3. Bc4 Nc6 4. d3 Bc5 5. f4 d6 6. Nf3 Bg4 7. h3 Bxf3 8. Qxf3 Nd4 9. Qg3 exf4 10. Qxg7 Rf8 11. Bxf4 Nh5 12. Qg4 Nxf4 13. Qxf4 Nxc2+ 14. Kd2 Nxa1 15. Rf1 Qd7 16. Nd5 Bd4 17. Rxa1 0-0-0 18. Rc1 Kb8 19. b4 c6 20. Ne3 Bxe3+ 21. Kxe3 f5 22. Rf1 Qe7 23. e5 dxe5 24. Qh6 e4 0-1

[Event "Tri Buki Children's CupT 2nd"]
[Site "Tri Buki"]
[Date "2017.02.07"]
[Round "6.3"]
[White "Lenkova, Lyubomira"]
[Black "Molnar, Luka S"]
[Result "0-1"]
[WhiteElo "1303"]
[BlackElo "1731"]
[PlyCount "98"]
[EventDate "2017.02.04"]
[EventType "team-swiss"]
[EventRounds "6"]
[EventCountry "BUL"]
[SourceTitle "CBM 176 Extra"]
[Source "ChessBase"]
[SourceDate "2017.03.02"]
[SourceVersion "1"]
[SourceVersionDate "2017.03.02"]
[SourceQuality "1"]
[WhiteTeam "Tri Buki"]
[BlackTeam "Tadic"]
[WhiteTeamCountry "BUL"]
[BlackTeamCountry "BUL"]

1. d4 Nf6 2. c4 e6 3. Nc3 Bb4 4. Nf3 b6 5. g3 Bb7 6. Bg2 0-0 7. 0-0 Bxc3 8. bxc3 d6 9. Re1 Nbd7 10. Bb2 Ne4 11. Qd3 f5 12. d5 Ndc5 13. Qd4 e5 14. Qd1 Ba6 15. Qc2 Bxc4 16. Rad1 Qe7 17. Nh4 Qf7 18. f3 Nf6 19. Nxf5 Bxa2 20. Qd2 Bxd5 21. e4 Be6 22. Bh3 Bxf5 23. Bxf5 g6 24. Bh3 Kg7 25. Kh1 a5 26. Rg1 Nfxe4 27. fxe4 Nxe4 28. Qe3 Nf2+ 29. Kg2 Nxd1 30. Rxd1 Qb3 31. Qe2 a4 32. c4 a3 33. Ba1 Rae8 34. Bg4 Re7 35. Qe4 h5 36. Be2 Ref7 37. Kh1 Rf2 38. Rc1 a2 39. Bd3 R8f5 40. Qd5 Qa3 41. Rc3 Qc5 42. Rc1 Qxd5+ 43. cxd5 Rf7 44. Bb5 Kf8 45. Rd1 e4 46. Re1 e3 47. Bd4 e2 48. Bxf2 Rxf2 49. Bxe2 Rxe2 0-1

[Event "Tri Buki Children's CupT 2nd"]
[Site "Tri Buki"]
[Date "2017.02.04"]
[Round "1.4"]
[White "Molnar, Luka S"]
[Black "Janeski, Leon"]
[Result "1-0"]
[WhiteElo "1731"]
[BlackElo "1388"]
[PlyCount "49"]
[EventDate "2017.02.04"]
[EventType "team-swiss"]
[EventRounds "6"]
[EventCountry "BUL"]
[SourceTitle "CBM 176 Extra"]
[Source "ChessBase"]
[SourceDate "2017.03.02"]
[SourceVersion "1"]
[SourceVersionDate "2017.03.02"]
[SourceQuality "1"]
[WhiteTeam "Tadic"]
[BlackTeam "Skopje II"]
[WhiteTeamCountry "BUL"]
[BlackTeamCountry "MKD"]

1. e4 e5 2. Nc3 Nf6 3. Bc4 Nc6 4. d3 Bc5 5. f4 d6 6. Nf3 Qe7 7. Na4 Bb6 8. Nxb6 axb6 9. f5 Na5 10. Bg5 Nxc4 11. dxc4 h6 12. Bh4 Bd7 13. 0-0 Bc6 14. Bxf6 Qxf6 15. Qe2 0-0 16. b4 Ra7 17. b5 Bd7 18. g4 Raa8 19. h4 Kh8 20. Qd2 Qe7 21. g5 hxg5 22. hxg5 Kg8 23. Qh2 Ra4 24. g6 fxg6 25. fxg6 1-0